00254nam a2200109Ia 4500008004100000041001200041082001100053100001500064245005300079260000600132650000600138221030s9999 xx 000 0 und d aEnglish a105.23 aS. Y. Liao 0aMicrodevices devices and circuitscby S. Y. Liao c0 aB